000 00260nam a22001217a 4500
008 170830b xxu||||| |||| 00| 0 eng d
041 _aeng
080 _28TH
_a070
100 _a40
101 _aMED
245 _aCOMMUNICATION
_cSAMOVAR,L.A
942 _2udc
_cBK
999 _c25653
_d25653